| 000 | 00340nam a2200121Ia 4500 | ||
|---|---|---|---|
| 008 | 190722s9999 xx 000 0 und d | ||
| 020 | _a978-0-07-133371-9 | ||
| 100 | _aImad A. Moosa | ||
| 245 | 0 | _ainternational Finance (an Analytical Approach) | |
| 260 |
_aNew Delhi _bTata McGraw Hill Education Pvt. Ltd. _c2011 |
||
| 300 | _a560 | ||
| 942 | _cBK | ||
| 999 |
_c605 _d605 |
||